000 00680nam a2200205Ii 4500
003 JO-AjNU
008 230605s9999||||xx |||||||||||||| ||und||
017 _a1971/3658
040 _aJO-AjNU
_bara
_erda
_cJO-AjNU
041 _aara
050 1 4 _aLB1050.54 1971
100 3 _aمراد، صلاح معد/أسعد،ي وسف ميخائيل مترجم,
_eauthor
_935561
245 0 0 _aدروسك كيف تستذكرها ؟
264 3 1 _aالقاهرة:دار النهضة العربية،1971
300 _a108ص
336 _atext
_btxt
_2rdacontent
337 _aunmediated
_bn
_2rdamedia
338 _avolume
_bnc
_2rdacarrier
650 4 _aتعليم-طرق تدريس
_935562
999 _aA14694
_c18262
_d18262